000
00302ntaaa2200121 4500
003
01
005
20251027203250.0
008
0714s1973 ag 01
040
_a
AR-BaBN
_b
spa
_c
AR-BaBN
_e
aacr
_d
RIC
100
_a
González, Justo
_9
3979
245
_a
Hechos de los Apóstoles /
_c
Justo González
942
_c
BK
999
_c
28094
_d
28094